| 000 | 00545nam a22002057a 4500 | ||
|---|---|---|---|
| 003 | OSt | ||
| 005 | 20140310183045.0 | ||
| 008 | 130227t xxu||||| |||| 00| 0 eng d | ||
| 020 | _a9789715426374 | ||
| 050 |
_aQA 276.12 _b.Al447 2010 |
||
| 082 |
_aFIL 519.5 _bAl447 2010 |
||
| 245 |
_aElementary statistics _cAlmeda, Josefina Venegas |
||
| 260 |
_aDiliman, Q.C. _bUP Press _cc2010 |
||
| 300 |
_a698 p. _bill. _c26 cm. |
||
| 521 | _acollege students | ||
| 526 | _c1210L-1700L | ||
| 541 | _j1 | ||
| 562 | _e1 | ||
| 942 |
_2lcc _cBK _kFIL |
||
| 999 |
_c18578 _d18578 |
||